| 000 | 00883nam a22002297a 4500 | ||
|---|---|---|---|
| 999 |
_c16685 _d16685 |
||
| 003 | AR-CdUCM | ||
| 008 | 190504b ||||| |||| 00| 0 spa d | ||
| 040 |
_aMUNICIPALIDAD PROVINCIAL DEL CUSCO _cBIBLIOTECA MUNICIPAL DEL CUSCO |
||
| 082 |
_a370.82 / _bC82 |
||
| 100 |
_aCoronado Arrascue, Pedro _936269 |
||
| 245 | _aTres amigos recorren en Perú / | ||
| 260 |
_aLima : _bMinisterio de Educación Pública, _c1961. |
||
| 300 |
_a60 páginas ; _bIlustraciones, _c25 cm. |
||
| 440 |
_aColección ciencia _n1 _936270 |
||
| 500 | _aLos frutos del saber son para el hombre | ||
| 505 | _aContenido: Tres amigos recorren el Perú -- Visita a la isla guanera de San Lorenzo -- Visita a las lomas de Quebrada Verde... | ||
| 650 |
_aCiencias naturales _910176 |
||
| 650 |
_aPerú _935 |
||
| 650 |
_aRegiones naturales del Perú _936271 |
||
| 942 |
_2ddc _cLIBROS |
||
| 945 |
_adavv _d04/05/2019 |
||